Accounting Information Function

Saved in:
Bibliographic Details
Main Author: Lukáč, Jozef, 1991-
Format: Book Chapter
Language:English
Subjects:
Tags: Add Tag
No Tags, Be the first to tag this record!

MARC

LEADER 00000nla a2200000 4500
001 0240630
005 20240502073920.8
041 0 |a eng 
044 |a SK 
245 1 0 |a Accounting Information Function  |c Jozef Lukáč 
500 |a Abstrakt 
610 2 0 |a informácie účtovné 
610 2 0 |a účtovníctvo finančné 
610 2 0 |a vedenie účtovníctva 
610 2 0 |a situácia finančná podniku 
100 1 |a Lukáč, Jozef, 1991-